[Event "AUS-ch Major"]
[Site "Sydney"]
[Date "2020.01.10"]
[Round "8"]
[White "Davis, Tony J"]
[Black "Badrinarayan, Sankeertan"]
[Result "0-1"]
[WhiteElo "1858"]
[BlackElo "1882"]
[PlyCount "72"]
[EventDate "2020.01.02"]
[EventType "swiss"]
[EventRounds "11"]
[EventCountry "AUS"]
[SourceTitle "EXT 2021"]
[Source "ChessBase"]
[SourceDate "2020.10.23"]
[SourceVersion "1"]
[SourceVersionDate "2020.10.23"]
[SourceQuality "1"]

1. d4 Nf6 2. Bg5 Ne4 3. Bf4 c5 4. f3 Nf6 5. d5 Nh5 6. Bg5 h6 7. Bh4 Qb6 8. Nd2 Qxb2 9. e4 g5 10. Bf2 d6 11. Ne2 Bg7 12. Rb1 Qxa2 13. Nb3 a5 14. c3 Nf4 15. Bd4 cxd4 16. Nxf4 gxf4 17. cxd4 a4 18. Bb5+ Bd7 19. Qc1 0-0 20. Nd2 Rc8 21. Bc4 b5 22. Bxa2 Rxc1+ 23. Rxc1 Bxd4 24. Rc7 b4 25. Ke2 b3 26. Nxb3 Bb5+ 27. Kd2 axb3 28. Bxb3 Nd7 29. Rb1 Nc5 30. Bc2 Bc4 31. Rxe7 Ra2 32. Kd1 Be3 33. Re8+ Kg7 34. Rc8 Be2+ 35. Kxe2 Rxc2+ 36. Kd1 Rd2+ 0-1

[Event "AUS-ch Major"]
[Site "Sydney"]
[Date "2020.01.05"]
[Round "4"]
[White "Abbott, Peter"]
[Black "Davis, Tony J"]
[Result "1-0"]
[WhiteElo "1851"]
[BlackElo "1803"]
[PlyCount "69"]
[EventDate "2020.01.02"]
[EventType "swiss"]
[EventRounds "11"]
[EventCountry "AUS"]
[SourceTitle "CBM 195 Extra"]
[Source "ChessBase"]
[SourceDate "2020.05.31"]
[SourceVersion "1"]
[SourceVersionDate "2020.05.31"]
[SourceQuality "1"]

1. d4 d5 2. c4 c6 3. cxd5 cxd5 4. Nc3 Nc6 5. Bf4 a6 6. e3 Nf6 7. Bd3 g6 8. h3 Bf5 9. Nf3 Bxd3 10. Qxd3 Bg7 11. 0-0 0-0 12. a3 b5 13. Rac1 Qb6 14. b4 Rfd8 15. Rc2 Rac8 16. Rfc1 Ne8 17. Ne2 Nd6 18. Bxd6 Rxd6 19. Qb3 Rcd8 20. Rc5 e6 21. Qc2 Nb8 22. Nf4 Nd7 23. Nd3 Qb8 24. Rc8 Rxc8 25. Qxc8+ Qxc8 26. Rxc8+ Bf8 27. Ra8 Rb6 28. Nc5 Nb8 29. Ne5 Kg7 30. Ned7 Nxd7 31. Nxd7 Rc6 32. Rxf8 Rc1+ 33. Kh2 Rc3 34. Ra8 Rxa3 35. Nc5 1-0

[Event "Asia-ch Seniors 9th"]
[Site "Tagaytay City"]
[Date "2018.11.06"]
[Round "4"]
[White "Bagamasbad, Efren"]
[Black "Davis, Tony J"]
[Result "1/2-1/2"]
[WhiteElo "2169"]
[BlackElo "1900"]
[PlyCount "224"]
[EventDate "2018.11.04"]
[EventType "swiss"]
[EventRounds "9"]
[EventCountry "PHI"]
[SourceTitle "EXT 2021"]
[Source "ChessBase"]
[SourceDate "2020.10.23"]
[SourceVersion "1"]
[SourceVersionDate "2020.10.23"]
[SourceQuality "1"]

1. c4 e5 2. g3 h5 3. h4 Nc6 4. Bg2 Bc5 5. Nc3 d6 6. e3 Nge7 7. Nge2 Bg4 8. a3 a5 9. b3 0-0 10. d3 Re8 11. Qc2 Qd7 12. Nd5 Nxd5 13. cxd5 Ne7 14. Nc3 c6 15. dxc6 bxc6 16. Ne4 Bb6 17. Rb1 Nd5 18. 0-0 Rac8 19. Kh2 f6 20. Bd2 Kf7 21. Rbe1 Rh8 22. f3 Be6 23. Nf2 Qa7 24. Nd1 Bc5 25. e4 Ne7 26. b4 axb4 27. axb4 Bd4 28. Ne3 Ra8 29. Nc4 Rhd8 30. f4 Kg8 31. f5 Bf7 32. Rb1 Qa4 33. Rfc1 Qb5 34. Bf1 d5 35. Na5 Rdc8 36. Nb3 dxe4 37. dxe4 Qb6 38. Bc4 Bxc4 39. Qxc4+ Kf8 40. Rc2 Ra4 41. Qe2 Qb5 42. Qf3 Rca8 43. Nc1 c5 44. Qe2 Qxe2+ 45. Nxe2 Ra2 46. Rbc1 cxb4 47. Bxb4 Be3 48. Bxe7+ Kxe7 49. Rc7+ Kd8 50. R1c2 R8a7 51. Rc8+ Kd7 52. Kg2 Rxc2 53. Rxc2 Ra1 54. Rc3 Bb6 55. Rb3 Kc6 56. Rc3+ Bc5 57. Nc1 Ra3 58. Rxa3 Bxa3 59. Nd3 Kb5 60. g4 hxg4 61. Nf2 Kc4 62. Nxg4 Kd3 63. Kf3 Bc1 64. Nf2+ Kd4 65. Nh1 Bd2 66. Ng3 Be1 67. Nh5 Bxh4 68. Nxg7 Kd3 69. Ne6 Be1 70. Nc5+ Kd4 71. Nd7 Bh4 72. Nf8 Be1 73. Ne6+ Kd3 74. Ng7 Bh4 75. Ne8 Bg5 76. Nd6 Kd4 77. Ke2 Bc1 78. Kf3 Bg5 79. Nb5+ Kd3 80. Nc7 Bd2 81. Ne8 Bg5 82. Ng7 Bd2 83. Ne6 Be1 84. Nc7 Bh4 85. Nd5 Bg5 86. Nc7 Bh4 87. Ne6 Be1 88. Ng7 Bh4 89. Ne8 Bg5 90. Nd6 Bc1 91. Nb5 Bg5 92. Nc7 Bh4 93. Nb5 Bg5 94. Nd6 Bc1 95. Ne8 Bg5 96. Ng7 Bd2 97. Ne6 Be1 98. Nc5+ Kd4 99. Nd7 Bh4 100. Nf8 Kd3 101. Ng6 Bg5 102. Ne7 Bc1 103. Nc8 Bd2 104. Nd6 Bc1 105. Nb5 Bg5 106. Nd6 Bd2 107. Nf7 Bc1 108. Nd8 Bd2 109. Nb7 Bg5 110. Nd6 Bc1 111. Nb5 Bg5 112. Nd6 Bc1 1/2-1/2

[Event "Asia-ch Seniors 9th"]
[Site "Tagaytay City"]
[Date "2018.11.04"]
[Round "1"]
[White "Davis, Tony J"]
[Black "Jumadullayev, Kuanishbek"]
[Result "0-1"]
[WhiteElo "1900"]
[BlackElo "2204"]
[PlyCount "80"]
[EventDate "2018.11.04"]
[EventType "swiss"]
[EventRounds "9"]
[EventCountry "PHI"]
[SourceTitle "EXT 2021"]
[Source "ChessBase"]
[SourceDate "2020.10.23"]
[SourceVersion "1"]
[SourceVersionDate "2020.10.23"]
[SourceQuality "1"]

1. d4 d5 2. Bg5 Nf6 3. Bxf6 exf6 4. e3 Bf5 5. Nd2 Be7 6. g3 0-0 7. Bg2 Nc6 8. a3 Qd7 9. Ne2 Bh3 10. Bxh3 Qxh3 11. Nf4 Qd7 12. Qf3 Rad8 13. 0-0 f5 14. c4 dxc4 15. Nxc4 f6 16. d5 Ne5 17. Nxe5 fxe5 18. Ne6 Qxd5 19. Qxd5 Rxd5 20. Nxf8 Kxf8 21. Rfd1 Rb5 22. Rd2 Rb3 23. Kf1 e4 24. Ke2 Kf7 25. Rc1 Bd6 26. Rc3 Rb5 27. Kd1 Ke6 28. Kc2 h5 29. Rc4 g6 30. h3 a5 31. a4 Re5 32. Rd1 Kf6 33. g4 hxg4 34. hxg4 fxg4 35. Rh1 Rf5 36. Rxe4 Rxf2+ 37. Kb3 g3 38. Rg1 Kg5 39. Rd4 Re2 40. Rxd6 Rxe3+ 0-1

[Event "Begonia op 52nd"]
[Site "Ballarat"]
[Date "2018.03.11"]
[Round "4"]
[White "Wyss, Felix"]
[Black "Davis, Tony J"]
[Result "0-1"]
[WhiteElo "1593"]
[BlackElo "1910"]
[PlyCount "52"]
[EventDate "2018.03.10"]
[EventType "swiss"]
[EventRounds "7"]
[EventCountry "AUS"]
[SourceTitle "EXT 2019"]
[Source "ChessBase"]
[SourceDate "2018.10.10"]
[SourceVersion "1"]
[SourceVersionDate "2018.10.10"]
[SourceQuality "1"]

1. d4 d5 2. c4 e6 3. Nc3 c5 4. cxd5 cxd4 5. Qa4+ Bd7 6. Qxd4 exd5 7. Nxd5 Nc6 8. Qe4+ Be6 9. Nc3 Nf6 10. Qa4 Bc5 11. Nf3 0-0 12. a3 a6 13. b4 Be7 14. Bb2 b5 15. Qc2 Rc8 16. e3 Qb6 17. Rd1 Bg4 18. Be2 a5 19. Ng5 Ne5 20. Qb1 g6 21. Bxg4 Nexg4 22. Nce4 axb4 23. Bd4 Qa5 24. axb4 Bxb4+ 25. Ke2 Nxe4 26. Qxe4 Qa2+ 0-1

[Event "Doeberl Cup 54th"]
[Site "Canberra"]
[Date "2016.03.26"]
[Round "6"]
[White "Stojic, Dusan"]
[Black "Davis, Tony J"]
[Result "1-0"]
[WhiteElo "2180"]
[BlackElo "1875"]
[PlyCount "75"]
[EventDate "2016.03.24"]
[EventType "swiss"]
[EventRounds "9"]
[EventCountry "AUS"]
[SourceTitle "EXT 2018"]
[Source "ChessBase"]
[SourceDate "2017.10.13"]
[SourceVersion "1"]
[SourceVersionDate "2017.10.13"]
[SourceQuality "1"]

1. Nf3 d5 2. g3 Bg4 3. Bg2 Nd7 4. c4 dxc4 5. Qa4 c6 6. d4 Nb6 7. Qd1 f6 8. a4 a5 9. Nbd2 Qd7 10. h3 Bh5 11. 0-0 e6 12. Qc2 Bg6 13. e4 Bb4 14. Re1 Ne7 15. Re2 Ned5 16. Nxc4 Nxc4 17. Qxc4 Nb6 18. Qb3 0-0 19. Bf4 Bf7 20. Qc2 Rac8 21. Rd1 Qe7 22. Ne1 Rfe8 23. Nd3 c5 24. dxc5 e5 25. Be3 Nc4 26. Nxb4 axb4 27. Rc1 Rc6 28. Qb3 Nxe3 29. Qxe3 Rec8 30. Rec2 b6 31. Bf1 b3 32. Rc3 Rxc5 33. Rxc5 Rxc5 34. Rxc5 Qxc5 35. Qxc5 bxc5 36. a5 Kf8 37. a6 Be8 38. Bc4 1-0

[Event "Oceania zt"]
[Site "Cammeray"]
[Date "2015.07.10"]
[Round "9"]
[White "Davis, Tony J"]
[Black "Stead, Kerry"]
[Result "1/2-1/2"]
[WhiteElo "1925"]
[BlackElo "1966"]
[PlyCount "42"]
[EventDate "2015.07.04"]
[EventType "swiss"]
[EventRounds "9"]
[EventCountry "AUS"]
[SourceTitle "CBM 167 Extra"]
[Source "ChessBase"]
[SourceDate "2015.09.14"]
[SourceVersion "1"]
[SourceVersionDate "2015.09.14"]
[SourceQuality "1"]

1. e4 e5 2. f4 exf4 3. Nf3 d5 4. exd5 Qxd5 5. Nc3 Qd8 6. Qe2+ Qe7 7. d4 c6 8. Bxf4 Qxe2+ 9. Bxe2 Bb4 10. 0-0 Nf6 11. Bc4 0-0 12. Bg5 Nbd7 13. a3 Bxc3 14. bxc3 Nd5 15. Bxd5 cxd5 16. Rae1 f6 17. Bf4 Nb6 18. Bd6 Rd8 19. Bc7 Rf8 20. Bd6 Rd8 21. Bc7 Rf8 1/2-1/2

[Event "Oceania zt"]
[Site "Cammeray"]
[Date "2015.07.08"]
[Round "7"]
[White "Davis, Tony J"]
[Black "Mallari, Donato"]
[Result "0-1"]
[WhiteElo "1925"]
[BlackElo "1988"]
[PlyCount "90"]
[EventDate "2015.07.04"]
[EventType "swiss"]
[EventRounds "9"]
[EventCountry "AUS"]
[SourceTitle "CBM 167 Extra"]
[Source "ChessBase"]
[SourceDate "2015.09.14"]
[SourceVersion "1"]
[SourceVersionDate "2015.09.14"]
[SourceQuality "1"]

1. e4 c5 2. d4 e6 3. d5 d6 4. Nf3 exd5 5. exd5 Be7 6. Nc3 Nf6 7. Bb5+ Bd7 8. Bxd7+ Nbxd7 9. Bf4 0-0 10. 0-0 Re8 11. Qd3 Bf8 12. Rfe1 Qc7 13. Nb5 Qb6 14. a4 a6 15. Na3 Qc7 16. h3 Nb6 17. Nc4 Nbxd5 18. Bh2 b5 19. Ne3 Nxe3 20. Rxe3 Rxe3 21. Qxe3 Qc6 22. b3 Re8 23. axb5 axb5 24. Qd3 c4 25. bxc4 bxc4 26. Qf5 h6 27. Bf4 Qe4 28. Nh4 Nd5 29. Bg3 g5 30. Ra7 Qe1+ 31. Kh2 Qe6 32. Qxe6 fxe6 33. Ng6 e5 34. Rd7 Nb6 35. Nxf8 Nxd7 36. Nxd7 Rc8 37. f3 Kf7 38. Nb6 Rc6 39. Nd5 Ke6 40. Ne3 c3 41. Kg1 h5 42. h4 gxh4 43. Bxh4 d5 44. Bg5 d4 45. Nf1 Ra6 0-1

[Event "Oceania zt"]
[Site "Cammeray"]
[Date "2015.07.06"]
[Round "4"]
[White "Davis, Tony J"]
[Black "Halpin, Patrick"]
[Result "0-1"]
[WhiteElo "1925"]
[BlackElo "2155"]
[PlyCount "48"]
[EventDate "2015.07.04"]
[EventType "swiss"]
[EventRounds "9"]
[EventCountry "AUS"]
[SourceTitle "CBM 167 Extra"]
[Source "ChessBase"]
[SourceDate "2015.09.14"]
[SourceVersion "1"]
[SourceVersionDate "2015.09.14"]
[SourceQuality "1"]

1. e4 Nc6 2. Nc3 Nf6 3. d4 d5 4. e5 Nd7 5. Nxd5 Ndb8 6. Ne3 Qxd4 7. Qxd4 Nxd4 8. c3 Ne6 9. Bc4 Nc6 10. Nf3 g6 11. Nd5 Bg7 12. Bf4 Nxf4 13. Nxc7+ Kd8 14. Nxa8 Nxg2+ 15. Kf1 Bh3 16. Kg1 Nf4 17. Ng5 Nxe5 18. Rd1+ Kc8 19. Rd4 Ned3 20. Bxd3 Bxd4 21. cxd4 Bg2 22. Be4 Bxh1 23. Kxh1 f5 24. Bf3 Kb8 0-1

[Event "Sydney op-A"]
[Site "Parramatta"]
[Date "2013.04.05"]
[Round "6"]
[White "Marner, Gavin"]
[Black "Davis, Tony J"]
[Result "1/2-1/2"]
[WhiteElo "1995"]
[BlackElo "1922"]
[PlyCount "87"]
[EventDate "2013.04.03"]
[EventType "swiss"]
[EventRounds "9"]
[EventCountry "AUS"]
[SourceTitle "EXT 2023"]
[Source "ChessBase"]
[SourceDate "2022.10.05"]
[SourceVersion "1"]
[SourceVersionDate "2022.10.05"]
[SourceQuality "1"]

1. e4 d5 2. exd5 Qxd5 3. Nc3 Qd6 4. d4 Nf6 5. Nf3 c6 6. Be2 Bf5 7. 0-0 Nbd7 8. Re1 e6 9. g3 Nd5 10. Nh4 Nxc3 11. bxc3 Bh3 12. Bf4 Qa3 13. Rb1 Nb6 14. Rb3 Qe7 15. c4 g5 16. Be5 Rg8 17. Nf3 f6 18. c5 Nc8 19. Bd6 Nxd6 20. cxd6 Qd7 21. Nd2 Bf5 22. d5 Bxd6 23. dxe6 Qe7 24. Bh5+ Bg6 25. Nc4 0-0-0 26. Bxg6 Bb4 27. Rxb4 Rxd1 28. Rxd1 Qxb4 29. Nd6+ Kc7 30. Bf7 Rd8 31. e7 Rxd6 32. e8N+ Kd7 33. Nxd6 Ke7 34. Bb3 Qg4 35. Rd3 b5 36. f3 Qb4 37. Ne4 Qe1+ 38. Kg2 a5 39. a4 g4 40. Nf2 h5 41. fxg4 hxg4 42. Rd4 f5 43. Rf4 Qe5 44. Nd3 1/2-1/2

[Event "Doeberl Cup Premier 51st"]
[Site "Canberra"]
[Date "2013.03.31"]
[Round "8"]
[White "Kethro, Michael"]
[Black "Davis, Tony J"]
[Result "0-1"]
[WhiteElo "1831"]
[BlackElo "1936"]
[PlyCount "34"]
[EventDate "2013.03.28"]
[EventType "swiss"]
[EventRounds "9"]
[EventCountry "AUS"]
[SourceTitle "EXT 2023"]
[Source "ChessBase"]
[SourceDate "2022.10.05"]
[SourceVersion "1"]
[SourceVersionDate "2022.10.05"]
[SourceQuality "1"]

1. d4 e6 2. c4 b6 3. Nc3 Bb7 4. d5 Bb4 5. e4 f5 6. exf5 exf5 7. Bd3 Na6 8. Nge2 Qh4 9. a3 Bd6 10. Ng3 Ne7 11. Nxf5 Nxf5 12. Bxf5 0-0 13. Qc2 Rae8+ 14. Kd1 Re5 15. Bxd7 Nc5 16. Bh3 Rxf2 17. Bd2 Qxc4 0-1

[Event "Doeberl Cup Premier 51st"]
[Site "Canberra"]
[Date "2013.03.29"]
[Round "4"]
[White "Wright, Neil"]
[Black "Davis, Tony J"]
[Result "1-0"]
[WhiteElo "2182"]
[BlackElo "1936"]
[PlyCount "105"]
[EventDate "2013.03.28"]
[EventType "swiss"]
[EventRounds "9"]
[EventCountry "AUS"]
[SourceTitle "CBM 153 Extra"]
[Source "ChessBase"]
[SourceDate "2013.04.22"]
[SourceVersion "1"]
[SourceVersionDate "2013.04.22"]
[SourceQuality "1"]

1. c4 b6 2. e4 Bb7 3. Nc3 e6 4. d4 Bb4 5. Bd3 f5 6. Qe2 Nf6 7. Bg5 fxe4 8. Bxe4 Bxe4 9. Bxf6 Qxf6 10. Qxe4 Nc6 11. Nf3 0-0-0 12. 0-0 Bxc3 13. bxc3 d5 14. Qe2 Rhe8 15. Rfe1 Kb7 16. c5 g5 17. a4 g4 18. Ne5 Nxe5 19. dxe5 Qf4 20. cxb6 axb6 21. a5 Qc4 22. Qc2 b5 23. Qxh7 Qxc3 24. a6+ Ka8 25. Rac1 Qa5 26. Red1 Rh8 27. Qf7 Qb6 28. Qxc7 Qxc7 29. Rxc7 Rc8 30. Rb7 Rb8 31. Rb1 Rhc8 32. g3 Rxb7 33. axb7+ Kxb7 34. Rxb5+ Kc6 35. Rb4 Rg8 36. Kg2 Kc5 37. Rb1 d4 38. f4 gxf3+ 39. Kxf3 Kc4 40. h4 Kd3 41. g4 Rf8+ 42. Kg3 Kc2 43. Rb6 d3 44. Rc6+ Kd1 45. Rd6 d2 46. g5 Ke2 47. Kg4 d1Q 48. Rxd1 Kxd1 49. g6 Ke2 50. h5 Ke3 51. g7 Rf1 52. Kg5 Ke4 53. Kg6 1-0

[Event "Begonia op 47th"]
[Site "Ballarat"]
[Date "2013.03.09"]
[Round "3"]
[White "Davis, Tony J"]
[Black "Wallis, Christopher"]
[Result "0-1"]
[WhiteElo "1936"]
[BlackElo "2261"]
[PlyCount "73"]
[EventDate "2013.03.09"]
[EventType "swiss"]
[EventRounds "7"]
[EventCountry "AUS"]
[SourceTitle "CBM 153 Extra"]
[Source "ChessBase"]
[SourceDate "2013.04.22"]
[SourceVersion "1"]
[SourceVersionDate "2013.04.22"]
[SourceQuality "1"]

1. Nf3 d5 2. c4 d4 3. b4 f6 4. e3 e5 5. c5 a5 6. Nxe5 fxe5 7. Qh5+ Ke7 8. Qxe5+ Be6 9. Bc4 Qd7 10. b5 c6 11. Ba3 Kf7 12. Bxe6+ Qxe6 13. Qxe6+ Kxe6 14. exd4 cxb5 15. Nc3 b4 16. Nb5 Kd7 17. Bb2 Nf6 18. a3 Kc6 19. a4 Kd7 20. 0-0-0 Nc6 21. Rde1 Nd5 22. Kc2 b6 23. Kb3 bxc5 24. dxc5 Bxc5 25. Kc4 Nb6+ 26. Kb3 Rhe8 27. d4 Rxe1 28. Rxe1 Bf8 29. Re4 Be7 30. d5 Nxd5 31. Bxg7 Rg8 32. Be5 Rxg2 33. Bg3 Rg1 34. Re2 Rb1+ 35. Ka2 Rd1 36. Rc2 Bf6 37. Kb3 0-1

[Event "Australian op"]
[Site "Cammeray"]
[Date "2013.01.13"]
[Round "11"]
[White "Bennett, Matthew"]
[Black "Davis, Tony J"]
[Result "0-1"]
[WhiteElo "1817"]
[BlackElo "1945"]
[PlyCount "62"]
[EventDate "2013.01.02"]
[EventType "swiss"]
[EventRounds "11"]
[EventCountry "AUS"]
[SourceTitle "CBM 152 Extra"]
[Source "ChessBase"]
[SourceDate "2013.02.25"]
[SourceVersion "1"]
[SourceVersionDate "2013.02.25"]
[SourceQuality "1"]

1. d4 e6 2. c4 b6 3. e4 Bb7 4. Nc3 Bb4 5. f3 f5 6. exf5 exf5 7. Bd3 Qh4+ 8. g3 Qxd4 9. Bxf5 Bxc3+ 10. bxc3 Qxc3+ 11. Bd2 Qe5+ 12. Qe2 Qxe2+ 13. Kxe2 Ne7 14. Bd3 d6 15. Nh3 0-0 16. Rhf1 Na6 17. Ng5 h6 18. Ne6 Rf6 19. Nf4 Re8 20. Kd1 Nc5 21. Bc3 Rxf4 22. gxf4 Nxd3 23. Rg1 Nf5 24. Kd2 Nxf4 25. Rae1 Rxe1 26. Rxe1 Kf7 27. a4 Nh4 28. Rf1 g5 29. Ke3 Ba6 30. Rc1 Ke6 31. Bg7 Nf5+ 0-1